000
00233nam a22001097a 4500
082
_a
297.5ALI
100
_a
Al-Daffa Ali.A
245
_a
Studies in Exat Sciences in Medieval
260
_a
Sandi
_c
1984
300
_a
243
942
_c
BK
999
_c
14043
_d
14043